| 000 | 01228nam a22003737a 4500 | ||
|---|---|---|---|
| 001 | 0068071 | ||
| 003 | KOHA_MİRAKIL | ||
| 005 | 20260207004752.0 | ||
| 007 | ta | ||
| 008 | 230201b2021 tu |||gr||||#||||0|tur | | ||
| 020 | _a9789752778559 | ||
| 040 |
_aTR-BiSEU _btur _cTR-BiSEU _erda |
||
| 041 | 0 | _atur | |
| 044 | _ctu | ||
| 050 |
_aRC681 _b.K37 2021 |
||
| 240 | 1 | 0 | _lTürkçe |
| 245 | 0 |
_aKardiyovasküler hastalıklar el kitabı/ _cEditörler Brian P. Griffin, Venu Menon; çeviri editörü Ömer Kozan. |
|
| 250 | _a5. Baskı | ||
| 264 | 1 |
_aAnkara : _bGüneş Tıp Kitabevleri _c2021 |
|
| 300 | _aXXXVI, 1059 sayfa: resimli; 24 cm. | ||
| 336 |
_ametin _btxt _2rdacontent |
||
| 337 |
_aaracısız _bn _2rdamedia |
||
| 338 |
_acilt _bnc _2rdacarrier |
||
| 500 | _aDizin var. | ||
| 500 | _aKaynakça bölüm sonlarındadır. | ||
| 500 | _aEserin özgün adı: Manual of cardiovascular medicine. | ||
| 650 | 0 |
_aKardiovasküler sistem--Hastalıklar. _9130838 |
|
| 650 | 0 |
_aKardivasküler tıp. _9130839 |
|
| 650 | 0 |
_aKardiyovasküler hastalıklar. _982800 |
|
| 650 | 0 |
_aKalp hastalıkları. _9129195 |
|
| 650 | 0 |
_aCardiovascular diseases. _982801 |
|
| 650 | 0 |
_aCardivascular medicine. _9130840 |
|
| 942 |
_2lcc _cBK |
||
| 999 |
_c68892 _d68892 |
||